Crisis and the capitalist cycle : a symposium (Record no. 435239)

000 -LEADER
fixed length control field 00340cam a22001217a 4500
008 - FIXED-LENGTH DATA ELEMENTS--GENERAL INFORMATION
fixed length control field 180718b1930 xxu||||| |||| 00| 0 eng d
082 ## - DEWEY DECIMAL CLASSIFICATION NUMBER
Classification number T17 R869
245 ## - TITLE STATEMENT
Title Crisis and the capitalist cycle : a symposium
Statement of responsibility, etc. edited by A. Rumyanstev
260 ## - PUBLICATION, DISTRIBUTION, ETC.
Place of publication, distribution, etc. Delhi
Name of publisher, distributor, etc. Peoples's
Date of publication, distribution, etc. 1930
300 ## - PHYSICAL DESCRIPTION
Extent 114p.
650 ## - SUBJECT ADDED ENTRY--TOPICAL TERM
Topical term or geographic name entry element Capitalist
700 ## - ADDED ENTRY--PERSONAL NAME
Personal name Rumyanstev, A.
Holdings
Withdrawn status Lost status Damaged status Not for loan Permanent Location Current Location Date acquired Full call number Barcode Date last seen Price effective from Koha item type
        Indian Institute of Public Administration Indian Institute of Public Administration 2010-02-23 T17 R869 33267 2018-07-21 2018-07-21 Book

Powered by Koha